Conceptualizing philosophical tradition : A reading of Wilhelm Halbfass, Daya Krishna, and Jitendranath Mohanty /

שמור ב:
מידע ביבליוגרפי
מחבר ראשי: Sjodin, Anna-Pya.
פורמט: Bài viết
שפה:English
נושאים:
תגים: הוספת תג
אין תגיות, היה/י הראשונ/ה לתייג את הרשומה!
Thư viện lưu trữ: Thư viện Trường Đại học Đà Lạt
LEADER 00885nam a2200277 4500
001 DLU110130472
005 ##20111223
040 # # |a DLU  |b eng 
041 # # |a eng 
044 # # |a us 
100 # # |a Sjodin, Anna-Pya.  
245 # # |a Conceptualizing philosophical tradition : A reading of Wilhelm Halbfass, Daya Krishna, and Jitendranath Mohanty /  |c Anna-Pya Sjodin. 
653 # # |a Halbfass, Wilhelm, 1940-2000 
653 # # |a Indic philosophy 
653 # # |a Krishna, Daya 
653 # # |a Mohanty, J. N. (Jitendra Nath), 1928- 
773 # # |t Philosophy East and West  |g Vol. 61, no. 3 (July 2011), p. 534-546 
920 # # |a Phòng Tạp chí -- Trung tâm Thông tin - Thư viện Trường Đại học Đà Lạt 
994 # # |a DLU 
900 # # |a True 
911 # # |a Trương Bảo Trâm Anh 
925 # # |a G 
926 # # |a A 
927 # # |a BB 
980 # # |a Thư viện Trường Đại học Đà Lạt